| 000 | 00887cam a22002651 4500 | ||
|---|---|---|---|
| 001 | 28486 | ||
| 003 | BD-RjUL | ||
| 005 | 20211209051305.0 | ||
| 008 | 14 t1965 pk c b 011 0 eng d | ||
| 035 | _a(BD-RjUL)28567 | ||
| 035 | _a(OCoLC)8632339 | ||
| 040 |
_aDLC _cMoU _dDLC _dBD-RjUL _beng |
||
| 041 | _aeng | ||
| 082 | 0 | 4 |
_a104 _bWOR 1965 |
| 245 | 1 | 4 |
_aThe world of philosophy : _bstudies prepared in honour of professor M.M. Sharif / _cEdited by C.A. Quadir. |
| 260 |
_aLahore : _bSharif Presentation Volume Committee [distributed by Pakistan Philosophical Congress, _c1965. |
||
| 300 |
_axix, 367 p. : _bill. ; _c25 cm. |
||
| 504 | _aincludes Bibliographical reference and index. | ||
| 600 | 1 | 0 |
_aSharif, Mian Mohammad, _d1893-1965. _93883 |
| 650 | 0 |
_aPhilosophy. _987230 |
|
| 700 |
_aQuadir, C. A., _987231 |
||
| 942 |
_2ddc _cBK |
||
| 999 |
_c28486 _d28486 |
||